000 00422nam a22001697a 4500
005 20180221161322.0
008 160624b xxu||||| |||| 00| 0 eng d
020 _a81-7273-243-0
041 _aeng
082 _b9831
_a174.4
100 _aRavindranath, P.K.
_92659
245 _aPress laws and ethics of journalism
260 _bAuthors Press
_c2004
300 _a109
650 _aMass Communication
_92660
942 _cBK
999 _c3849
_d3848